000 00733nam a2200205Ia 4500
003 GCL
008 140319s9999 xx 000 0 ara d
040 _aGCL /
_cGCL
082 0 4 _a810.8
_bا ك
100 1 _aاليزيدى : ابوعبدالله محمد بن العباس
245 1 0 _aكتاب الامالى فيها مراث واشعار أخرى وأخبار ولغة و غيرها /
_cاليزيدى : ابوعبدالله محمد بن العباس
260 _a[S.N] :
_bعالم الكتب الحديث
300 _a159 ص
490 _a
650 0 4 _aالادب العربى
650 0 4 _aالادب
650 0 4 _aالدولة العباسية الثانية
650 0 4 _aالمجموعات
942 _2ddc
_cBK
999 _c32965
_d32965